00426nam a2200145Ia 4500003000900000008004100009020001800050040001600068080001700084100001900101245009300120260003000213300001500243650002200258IN-BaIIA211028s9999 xx 000 0 eng d a0-201-47448-4 cIIA Library a530.145bSAK aSakurai, J. J. 0aAdvanced Quantum MechanicscJ. J. Sakurai  aUSAbAddison-Wesleyc1967 axii, 336p. aquantum mechanics